000 00540nam a2200193Ia 4500
008 101110s9999 xx 000 0 und d
041 _aENGLISH
082 _bSR13144
100 _aDavar Rustom, Davar Sohrab
245 _aModern Marketing Management in the Indian Context
365 _b47.5
520 _aCommerce
546 _aENGLISH
630 _aModern Marketing Management in the Indian Context
650 _aCommerce
655 _aCommerce
730 _aModern Marketing Management in the Indian Context
942 _cBOOK
999 _c807412
_d807409